000 00346nam a2200133Ia 4500
008 240624s9999 xx 000 0 und d
041 _aeng
082 _a338.52 MRU
100 _aMRUDULA E
245 _aTRANSFER PRICING AND TAXES AN INTRODUCTI
260 _c2004
_aHyderabad
_bICFAI University
300 _av, : 175 : p. : cm. ; 23
365 _cRS
999 _c2923
_d2923